Politické čistky nie sú v pláne

Bibliographic Details
Main Author: (ren & kyš) (Author)
Format: Article
Language:Slovak
Subjects:

MARC

LEADER 00000nab a2200000 a 4500
001 vtls000899143
003 SK-MaSNL
005 20260302174916.0
008 040720e19981127xo 0 slo
035 |a KE8149 
040 |a KEVKJB  |b slo  |c KEVKJB  |e AACR2 
041 0 |a slo 
044 |a xo  |c SK 
080 |a 353  |2 1981 
100 0 |a (ren & kyš)  |4 aut  |9 885488 
245 1 0 |a Politické čistky nie sú v pláne 
518 |a 27.11.1998 
650 0 7 |a úrady okresné  |2 KEVKJB  |9 846418 
650 0 7 |a prednostovia noví  |2 KEVKJB  |9 884173 
650 0 7 |a okresy  |2 KEVKJB  |9 30162 
650 0 7 |a menovanie do funkcie  |2 KEVKJB  |9 29739 
651 7 |a Košice (Slovensko)  |2 KEVKJB  |9 18694 
651 7 |a Košice (Slovensko)  |2 KEVKJB  |9 18694 
651 7 |a KE,  |2 KEVKJB  |9 877256 
655 7 |a periodikum  |2 snkbucl  |9 29553 
773 0 8 |t Korzár  |g Roč. 1, č.242, 27.11.1998, s. 2 
852 |a ZVYKNI  |b KIS3GCP 
999 |c 1405405  |d 1407335